Estudio Nacional sobre consumo de alcohol y drogas ilícitas
Gorde:
| Erakunde egilea: | |
|---|---|
| Formatua: | Texto |
| Argitaratua: |
San José:
IAFA
|
| Etiketak: |
Etiketa erantsi
Etiketarik gabe, Izan zaitez lehena erregistro honi etiketa jartzen!
|
MARC
| LEADER | 00000 a a2200000 04500 | ||
|---|---|---|---|
| 001 | 23137 | ||
| 003 | |||
| 040 | |||
| 090 | |a 159700 | ||
| 110 | |a IAFA | ||
| 245 | |a Estudio Nacional sobre consumo de alcohol y drogas ilícitas | ||
| 260 | |a San José: |b IAFA | ||
| 300 | |a 61 p. |b **no definido** |b fonodiscos | ||
| 999 | |c 1432 |d 1432 | ||
